[Event "Chennai op 2nd"]
[Site "Chennai"]
[Date "2010.01.25"]
[Round "1"]
[White "Avadhanulu, ASMSS"]
[Black "Karthikeyan, Pandian"]
[Result "0-1"]
[WhiteElo "1823"]
[BlackElo "2408"]
[PlyCount "88"]
[EventDate "2010.01.25"]
[EventType "swiss"]
[EventRounds "11"]
[EventCountry "IND"]
[SourceTitle "CBM 134 Extra"]
[Source "ChessBase"]
[SourceDate "2010.03.03"]
[SourceVersion "1"]
[SourceVersionDate "2010.03.03"]
[SourceQuality "1"]

1. e4 c5 2. Nf3 d6 3. d4 cxd4 4. Qxd4 a6 5. Bc4 Nc6 6. Qd3 e6 7. 0-0 Be7 8. a3 Nf6 9. Bg5 h6 10. Bxf6 Bxf6 11. Nc3 0-0 12. Rad1 Be7 13. b4 b5 14. Bb3 Bb7 15. Ne2 Qc7 16. c4 bxc4 17. Qxc4 Rac8 18. Rc1 Qb6 19. Qd3 a5 20. b5 Nb8 21. Nf4 Rce8 22. a4 Kh8 23. Bc2 e5 24. Nd5 Bxd5 25. Qxd5 Bg5 26. Nxg5 hxg5 27. Qd3 g6 28. Bb3 Kg7 29. Rfd1 Rd8 30. Qd5 Rd7 31. Rd3 Qd8 32. Rdc3 g4 33. h3 gxh3 34. Rxh3 Qg5 35. Rcc3 Qf4 36. Qd3 Rdd8 37. Rc7 Rd7 38. Rxd7 Nxd7 39. Qxd6 Nf6 40. Rf3 Qg5 41. Qe7 Qc1+ 42. Bd1 Qxd1+ 43. Kh2 Rh8+ 44. Kg3 Nxe4+ 0-1

[Event "Mumbai Mayors Cup 2nd"]
[Site "Mumbai"]
[Date "2009.05.01"]
[Round "1"]
[White "Neelotpal, Das"]
[Black "Avadhanulu, ASMSS"]
[Result "1-0"]
[WhiteElo "2514"]
[BlackElo "1790"]
[PlyCount "89"]
[EventDate "2009.05.01"]
[EventType "swiss"]
[EventRounds "11"]
[EventCountry "IND"]
[SourceTitle "CBM 130 Extra"]
[Source "ChessBase"]
[SourceDate "2009.07.02"]
[SourceVersion "2"]
[SourceVersionDate "2009.07.15"]
[SourceQuality "1"]

1. Nf3 Nf6 2. d4 d5 3. c4 c6 4. e3 Bg4 5. h3 Bh5 6. Nc3 e6 7. g4 Bg6 8. Ne5 Nfd7 9. Nxg6 hxg6 10. Bd2 Nf6 11. g5 Nh7 12. f4 Nd7 13. h4 Bb4 14. Qc2 Qc7 15. 0-0-0 dxc4 16. Bxc4 Nb6 17. Bd3 Nf8 18. Kb1 0-0-0 19. Rc1 Kb8 20. Qb3 Bxc3 21. Rxc3 Nd5 22. Rc2 Nd7 23. Be4 Qd6 24. Bg2 Rh7 25. Rhc1 Ka8 26. Be1 Rhh8 27. Bg3 N7b6 28. e4 Nb4 29. Rd2 Na6 30. Bf1 Qb4 31. Qxb4 Nxb4 32. a3 Na6 33. Bxa6 bxa6 34. Rxc6 Kb7 35. Rc1 Rd7 36. b3 Nc8 37. a4 Nd6 38. Re2 f5 39. gxf6 gxf6 40. Bf2 Rhh7 41. Rg1 f5 42. exf5 Nxf5 43. Rxg6 Nxd4 44. Rd2 Nxb3 45. Rb2 1-0